[Event "XVIII C.to Torinese Open"]
[Site "Torino ITA"]
[Date "2001.02.??"]
[Round "4"]
[White "Giacometto, Mario"]
[Black "Mordiglia, Riccardo"]
[Result "1/2-1/2"]
[WhiteElo "1651"]
[BlackElo "2102"]
[PlyCount "45"]
[EventDate "2001.02.05"]

1. e4 c6 2. d4 d5 3. e5 Bf5 4. Bd3 Bxd3 5. Qxd3 e6 6. c3 c5 7. a3 Nc6 8. Nf3
Nge7 9. b4 cxd4 10. cxd4 Nf5 11. Nc3 Nh4 12. Nxh4 Qxh4 13. Be3 f6 14. exf6 gxf6
15. O-O-O a5 16. b5 Bxa3+ 17. Kb1 Nb4 18. Qe2 Rc8 19. Bg5 Qxg5 20. Qxe6+ Kd8
21. Qd6+ Ke8 22. Qe6+ Kd8 23. Qd6+ 1/2-1/2

[Event "XVIII C.to Torinese Open"]
[Site "Torino ITA"]
[Date "2001.02.??"]
[Round "4"]
[White "Malano, Francesco"]
[Black "Vinciguerra, Marco"]
[Result "0-1"]
[WhiteElo "2036"]
[BlackElo "1609"]
[PlyCount "87"]
[EventDate "2001.02.05"]

1. Nf3 d5 2. b3 Nf6 3. Bb2 Nc6 4. g3 g6 5. Bg2 Bg7 6. O-O O-O 7. d3 Re8 8. Nbd2
e5 9. e4 d4 10. a4 a6 11. h3 Bd7 12. Kh2 Nh5 13. Nc4 Rb8 14. Ng1 Rf8 15. Bc1 b5
16. Nb2 Qe8 17. Bf3 f6 18. Bg4 f5 19. exf5 Nf6 20. fxg6 Nxg4+ 21. hxg4 Qxg6 22.
f3 Nd8 23. Qe2 Rb6 24. axb5 axb5 25. Nd1 h5 26. g5 Nf7 27. Qe4 Bf5 28. Qh4 Rc6
29. Rf2 Nd6 30. g4 hxg4 31. fxg4 Be6 32. Qh5 Qxh5+ 33. gxh5 Bg4 34. Rxf8+ Bxf8
35. Nf2 Rxc2 36. Kg2 Bxh5 37. Nf3 Bg7 38. Ne1 Re2 39. Kf1 Nf5 40. Ng2 Ne3+ 41.
Kg1 Rc2 42. Ra8+ Kh7 43. Ba3 Ra2 44. Ra7 0-1

[Event "XVIII C.to Torinese Open"]
[Site "Torino ITA"]
[Date "2001.02.??"]
[Round "4"]
[White "Racioppo, Paolo"]
[Black "Digiugno, Franco"]
[Result "1-0"]
[WhiteElo "2198"]
[BlackElo "2145"]
[PlyCount "62"]
[EventDate "2001.02.05"]

1. e4 e6 2. d3 b5 3. f4 Bb7 4. Nf3 d5 5. e5 c5 6. d4 Qb6 7. c3 h5 8. a4 a6 9.
Be3 c4 10. b4 Nh6 11. a5 Qc7 12. Be2 Nf5 13. Bf2 Be7 14. g3 Nc6 15. Ng5 g6 16.
h4 Nxb4 17. cxb4 Bxb4+ 18. Kf1 Bxa5 19. g4 hxg4 20. Bxg4 Bb6 21. Bxf5 gxf5 22.
Nc3 b4 23. Qa4+ Bc6 24. Qxb4 a5 25. Qa3 Qa7 26. Rd1 Bd8 27. Kg2 Be7 28. Qa2 Bb4
29. Rh3 Ke7 30. Be1 a4 31. Kh2 a3 1-0

[Event "XVIII C.to Torinese Open"]
[Site "Torino ITA"]
[Date "2001.02.??"]
[Round "5"]
[White "De Barberis, Massimo"]
[Black "Bussa, Paolo"]
[Result "1-0"]
[WhiteElo "2103"]
[BlackElo "1680"]
[PlyCount "97"]
[EventDate "2001.02.05"]

1. e4 c6 2. d4 d5 3. exd5 cxd5 4. c4 Nf6 5. Nc3 e6 6. c5 Be7 7. Nf3 Nc6 8. Bb5
O-O 9. O-O Bd7 10. a3 Nb8 11. Bd3 a5 12. Rb1 Bc6 13. b4 axb4 14. axb4 Be8 15.
Qc2 h6 16. Re1 Nfd7 17. b5 Bf6 18. Bd2 Bxd4 19. Nxd4 Nxc5 20. Bf1 Nbd7 21. Ra1
Rxa1 22. Rxa1 e5 23. Nf3 d4 24. Ne4 Qe7 25. Bb4 b6 26. Ra7 Qd8 27. Nxc5 Qc8 28.
Rxd7 Bxd7 29. Nxe5 bxc5 30. Qxc5 Re8 31. Qxd4 Bxb5 32. Bxb5 Rd8 33. Qc3 Rd1+
34. Bf1 Qf5 35. g4 Qe6 36. h3 Qa6 37. Qc4 Qa1 38. Qxf7+ Kh7 39. Qf5+ Kg8 40.
Qc8+ Kh7 41. Qc2+ Kg8 42. Qc4+ Kh7 43. Nf3 Rc1 44. Qd3+ Kg8 45. Kg2 Rd1 46.
Qc4+ Kh7 47. Bd3+ g6 48. Qf7+ Kh8 49. Bxg6 1-0

[Event "XVIII C.to Torinese Open"]
[Site "Torino ITA"]
[Date "2001.02.??"]
[Round "5"]
[White "Digiugno, Franco"]
[Black "Masi, Adamo"]
[Result "1/2-1/2"]
[WhiteElo "2145"]
[BlackElo "1714"]
[PlyCount "117"]
[EventDate "2001.02.05"]

1. d4 Nf6 2. Bg5 e6 3. Nd2 h6 4. Bh4 c5 5. e3 cxd4 6. exd4 Be7 7. Ngf3 d6 8.
Bd3 Nc6 9. c3 Bd7 10. O-O O-O 11. Rc1 Nh5 12. Bxe7 Qxe7 13. Bb1 Nf4 14. Re1 d5
15. g3 Nh3+ 16. Kg2 Ng5 17. Nh4 Qd6 18. f4 Nh7 19. Nhf3 Nf6 20. Ne5 Rac8 21. a3
g6 22. Qf3 h5 23. h3 Kg7 24. g4 hxg4 25. hxg4 Rh8 26. Rh1 Ne7 27. Rh3 Rxh3 28.
Qxh3 Neg8 29. Rh1 Be8 30. Ndf3 Kf8 31. Ng5 Ke7 32. Re1 Rc7 33. Nxg6+ Kd8 34.
Ne5 Qb6 35. Re2 Bb5 36. Bd3 Bxd3 37. Qxd3 Nh6 38. Qh3 Qb5 39. Kf2 Nfg8 40. Ngf3
f6 41. g5 Nf5 42. gxf6 Nxf6 43. Qh8+ Ne8 44. Ng5 Nfg7 45. Ngf7+ Ke7 46. Qh4+
Nf6 47. Nh8 Ngh5 48. Nhg6+ Kd6 49. Qh3 Rh7 50. Qd3 Ne4+ 51. Kf3 Qxd3+ 52. Nxd3
Nhg3 53. Rg2 Nf5 54. Nf2 Nf6 55. Ke2 Rg7 56. Rg5 a6 57. Ne5 Rh7 58. Neg4 Ng3+
59. Kf3 1/2-1/2

[Event "XVIII C.to Torinese Open"]
[Site "Torino ITA"]
[Date "2001.02.??"]
[Round "5"]
[White "Frassati, Giovanni"]
[Black "Vozza, Nicola"]
[Result "1/2-1/2"]
[WhiteElo "1746"]
[BlackElo "1666"]
[PlyCount "41"]
[EventDate "2001.02.05"]

1. e4 e5 2. Nf3 Nc6 3. Bc4 Nf6 4. d3 Bc5 5. c3 d6 6. Nbd2 Qe7 7. a4 a5 8. Nf1
Be6 9. Bxe6 fxe6 10. Be3 Bxe3 11. Nxe3 Nd7 12. O-O Nd8 13. d4 exd4 14. cxd4 g6
15. Rc1 c5 16. Re1 O-O 17. Nc4 Nf7 18. Qd2 cxd4 19. Nxd4 Nfe5 20. Nxe5 Nxe5 21.
Rc3 1/2-1/2

[Event "XVIII C.to Torinese Open"]
[Site "Torino ITA"]
[Date "2001.02.??"]
[Round "5"]
[White "Martin, Tiziano"]
[Black "Fassio, Luca"]
[Result "1-0"]
[WhiteElo "1873"]
[BlackElo "2201"]
[PlyCount "107"]
[EventDate "2001.02.05"]

1. d4 d6 2. Nf3 g6 3. Nbd2 Bg7 4. e4 Nf6 5. Bc4 O-O 6. O-O c6 7. h3 b5 8. Bd3
Nbd7 9. a4 b4 10. Qe2 e5 11. dxe5 dxe5 12. Nb3 Qc7 13. a5 Re8 14. Bc4 Nf8 15.
Ng5 Be6 16. Nxe6 Nxe6 17. Bxe6 Rxe6 18. Nc5 Ree8 19. Bd2 Bf8 20. Bxb4 Rad8 21.
Qf3 Kg7 22. Rfd1 Rxd1+ 23. Rxd1 Bxc5 24. Bxc5 Qxa5 25. b4 Qa2 26. Rd6 Re6 27.
Rxe6 Qxe6 28. Bxa7 Qa2 29. Bb8 Nd7 30. Qc3 Nxb8 31. Qxe5+ f6 32. Qxb8 Qxc2 33.
Qa7+ Kg8 34. Qd4 Kf7 35. g3 g5 36. e5 fxe5 37. Qxe5 Kg6 38. Kg2 Qc4 39. Qe8+
Kg7 40. Qe7+ Kg6 41. h4 Qd5+ 42. Kh2 g4 43. Qc5 Qf3 44. Qg5+ Kf7 45. Qf4+ Ke6
46. Qxf3 gxf3 47. g4 Kd5 48. g5 Kc4 49. h5 Kxb4 50. g6 hxg6 51. hxg6 c5 52. g7
c4 53. g8=Q c3 54. Qa2 1-0

[Event "XVIII C.to Torinese Open"]
[Site "Torino ITA"]
[Date "2001.02.??"]
[Round "5"]
[White "Ragni, Paolo"]
[Black "Racioppo, Paolo"]
[Result "0-1"]
[WhiteElo "2031"]
[BlackElo "2198"]
[PlyCount "74"]
[EventDate "2001.02.05"]

1. d4 f5 2. e4 fxe4 3. Nc3 Nf6 4. Bg5 Nc6 5. f3 e3 6. Bxe3 d5 7. Qd2 Be6 8.
Nge2 Qd7 9. O-O-O Bf7 10. Nf4 e6 11. g4 a6 12. Bh3 Na5 13. g5 Nc4 14. Qd3 Qd6
15. Nb1 Nd7 16. Rhe1 O-O-O 17. b3 Nxe3 18. Qxe3 Re8 19. Re2 Be7 20. Rg1 Bd8 21.
Nc3 Re7 22. Na4 Qa3+ 23. Kb1 Kb8 24. Nd3 Rf8 25. f4 Bh5 26. Ree1 c6 27. Bxe6
Ba5 28. c3 Bg6 29. Qd2 Bxd3+ 30. Qxd3 Rxf4 31. Bxd7 Rxd7 32. Re8+ Ka7 33. Rge1
Rdf7 34. Qg3 Bc7 35. R8e2 Rf1 36. Qg2 R1f3 37. Re3 Rf2 0-1

[Event "XVIII C.to Torinese Open"]
[Site "Torino ITA"]
[Date "2001.02.??"]
[Round "6"]
[White "Coqueraut, Jean Dominique"]
[Black "Mordiglia, Riccardo"]
[Result "0-1"]
[WhiteElo "1702"]
[BlackElo "2102"]
[PlyCount "52"]
[EventDate "2001.02.05"]

1. d4 g6 2. c4 Bg7 3. Nc3 d6 4. e4 Nc6 5. Be3 e5 6. Nge2 exd4 7. Nxd4 Nge7 8.
Be2 O-O 9. Nxc6 Nxc6 10. Qd2 f5 11. exf5 Bxf5 12. O-O Qh4 13. Bf3 Kh8 14. Bxc6
bxc6 15. b3 Kg8 16. Rad1 c5 17. Nd5 Rae8 18. Nxc7 Re4 19. Qd5+ Kh8 20. Qxd6 Rg8
21. Qxc5 Rge8 22. g3 Qh3 23. Bd4 Bxd4 24. Rxd4 Qxf1+ 25. Kxf1 Bh3+ 26. Kg1 Re1#
0-1

[Event "XVIII C.to Torinese Open"]
[Site "Torino ITA"]
[Date "2001.02.??"]
[Round "6"]
[White "Fassio, Luca"]
[Black "Diana, Riccardo"]
[Result "1-0"]
[WhiteElo "2201"]
[BlackElo "2190"]
[PlyCount "67"]
[EventDate "2001.02.05"]

1. e4 e5 2. Nf3 Nf6 3. Nxe5 d6 4. Nf3 Nxe4 5. d4 d5 6. Bd3 Nc6 7. O-O Be7 8.
Re1 Bg4 9. c3 Nf6 10. Nbd2 O-O 11. Nf1 Re8 12. Ng3 Bd6 13. Bg5 Rxe1+ 14. Qxe1
h6 15. Bxf6 Qxf6 16. Nd2 Ne7 17. Ndf1 Ng6 18. Ne3 Re8 19. Qd2 Be6 20. Re1 c6
21. Ng4 Qf4 22. Qxf4 Nxf4 23. Bc2 Kf8 24. Ne5 g6 25. Nf1 Bc8 26. g3 Nh5 27.
Nxg6+ fxg6 28. Rxe8+ Kxe8 29. Bxg6+ Ke7 30. Bxh5 Kf6 31. f4 b6 32. Ne3 Be6 33.
Kf2 Bf5 34. Be8 1-0

[Event "XVIII C.to Torinese Open"]
[Site "Torino ITA"]
[Date "2001.02.??"]
[Round "6"]
[White "Giacometto, Mario"]
[Black "Gardoncini, Giovanni Battista"]
[Result "0-1"]
[WhiteElo "1651"]
[BlackElo "1848"]
[PlyCount "107"]
[EventDate "2001.02.05"]

1. e4 g6 2. d4 Bg7 3. Nc3 d6 4. Bg5 c6 5. Bc4 b5 6. Bb3 Qb6 7. Nge2 Nd7 8. Qd2
a5 9. a3 h6 10. Be3 Bb7 11. Nf4 Qc7 12. Nd3 Ngf6 13. f3 Ba6 14. Ne2 c5 15. Nf2
c4 16. Ba2 h5 17. c3 O-O 18. Bh6 e5 19. Bxg7 Kxg7 20. O-O Rfe8 21. Bb1 Rab8 22.
Rc1 Nb6 23. Bc2 a4 24. Ng3 Nh7 25. Re1 Rbd8 26. Rad1 Bc8 27. Nf1 Qe7 28. Qe3
Nd7 29. Re2 Ndf6 30. Red2 h4 31. dxe5 dxe5 32. Rxd8 Rxd8 33. Rxd8 Qxd8 34. Qc5
Qe8 35. Ne3 Ng5 36. h3 Ba6 37. Nfg4 Nd7 38. Qc6 Qe6 39. Qd5 Qxd5 40. Nxd5 Ne6
41. Nb4 Bb7 42. Kf2 Nf4 43. Ne3 Nb6 44. Bd1 f6 45. Be2 Kf7 46. Bf1 Nd7 47. Ke1
Ke6 48. Kd2 Nc5 49. Nec2 f5 50. exf5+ gxf5 51. Ke3 Nd7 52. Kf2 Nf6 53. g3 hxg3+
54. Kxg3 0-1

[Event "XVIII C.to Torinese Open"]
[Site "Torino ITA"]
[Date "2001.02.??"]
[Round "6"]
[White "Racioppo, Paolo"]
[Black "Martin, Tiziano"]
[Result "1-0"]
[WhiteElo "2198"]
[BlackElo "1873"]
[PlyCount "25"]
[EventDate "2001.02.05"]

1. e4 d5 2. exd5 Qxd5 3. Nc3 Qd8 4. Bc4 Nf6 5. d3 e6 6. Nge2 Be7 7. h3 O-O 8.
Bf4 a6 9. a4 b6 10. Bh2 Bb7 11. O-O Nc6 12. Re1 Ne5 13. Bxe5 1-0

[Event "XVIII C.to Torinese Open"]
[Site "Torino ITA"]
[Date "2001.02.??"]
[Round "6"]
[White "Sorcinelli, Francesco"]
[Black "Ragni, Paolo"]
[Result "0-1"]
[WhiteElo "1701"]
[BlackElo "2031"]
[PlyCount "34"]
[EventDate "2001.02.05"]

1. e4 e5 2. f4 exf4 3. Bc4 Nf6 4. Nc3 d5 5. exd5 Bd6 6. Nf3 O-O 7. O-O Bg4 8.
d4 c6 9. dxc6 Nxc6 10. Ne2 Rc8 11. Bb3 Qc7 12. c4 Rcd8 13. Bc2 Rfe8 14. a3 Nxd4
15. Nfxd4 Bc5 16. Bxf4 Qb6 17. Rf2 Bxd4 0-1

[Event "XVIII C.to Torinese Open"]
[Site "Torino ITA"]
[Date "2001.02.??"]
[Round "6"]
[White "Xausa, Flavio"]
[Black "De Barberis, Massimo"]
[Result "0-1"]
[WhiteElo "1636"]
[BlackElo "2103"]
[PlyCount "99"]
[EventDate "2001.02.05"]

1. e4 c5 2. Nf3 d6 3. d4 cxd4 4. Nxd4 Nf6 5. Nc3 a6 6. Be3 e6 7. g3 b5 8. Bg2
Bb7 9. a3 Nbd7 10. O-O Qc7 11. Qe2 Be7 12. Rad1 Rc8 13. h3 Ne5 14. Bc1 Nc4 15.
Na2 O-O 16. Nb4 Rfd8 17. Rfe1 Nb6 18. e5 dxe5 19. Bxb7 Qxb7 20. Qxe5 Nc4 21.
Qe2 a5 22. Na2 Nd5 23. b3 Nxa3 24. Bxa3 Bxa3 25. Nxb5 Bb4 26. c3 Bc5 27. c4 Nf6
28. Nac3 Qb8 29. Qf3 h6 30. Kg2 Bb4 31. Rxd8+ Rxd8 32. Rd1 Rc8 33. Rd3 Rd8 34.
Rxd8+ Qxd8 35. Ne4 Nxe4 36. Qxe4 Qd7 37. Qa8+ Kh7 38. Qe4+ f5 39. Qd4 Qc6+ 40.
f3 Bc5 41. Qd3 Bb6 42. Qd6 Qxd6 43. Nxd6 Kg6 44. Nb5 Kf6 45. f4 e5 46. Nc3 Bd4
47. Nd5+ Ke6 48. fxe5 Kxe5 49. Kf3 g5 50. h4 0-1

[Event "XVIII C.to Torinese Open"]
[Site "Torino ITA"]
[Date "2001.02.??"]
[Round "7"]
[White "Berutti, Mario"]
[Black "Digiugno, Franco"]
[Result "1/2-1/2"]
[WhiteElo "1849"]
[BlackElo "2145"]
[PlyCount "100"]
[EventDate "2001.02.05"]

1. d4 Nf6 2. f4 d5 3. Nf3 Nbd7 4. e3 e6 5. Bd3 c5 6. c3 Be7 7. O-O O-O 8. Nbd2
b6 9. Ne5 Bb7 10. Rf3 Ne4 11. Rh3 f5 12. Qh5 Ndf6 13. Qh4 h6 14. Ng6 Rf7 15.
Nf3 Ng4 16. Qh5 Nef2 17. Nfe5 Nxh3+ 18. gxh3 Nf6 19. Qf3 Bd6 20. Nxf7 Kxf7 21.
Ne5+ Bxe5 22. fxe5 Ng8 23. Bd2 g6 24. Kh1 Ne7 25. Rg1 Qh8 26. Be1 Rg8 27. Bh4
g5 28. Qh5+ Ng6 29. Be1 c4 30. Bf1 Kf8 31. Qd1 b5 32. a4 a6 33. axb5 axb5 34.
Qa1 Qh7 35. Be2 Qd7 36. Bh5 Kg7 37. h4 Nxe5 38. hxg5 Kh7 39. Qd1 Nd3 40. Qf3
Rxg5 41. Rxg5 hxg5 42. Qh3 Kg8 43. Bg3 Bc8 44. Bg6 f4 45. exf4 gxf4 46. Bxd3
cxd3 47. Bxf4 Qh7 48. Qxh7+ Kxh7 49. Kg2 Kg6 50. Kf3 Kf5 1/2-1/2

[Event "XVIII C.to Torinese Open"]
[Site "Torino ITA"]
[Date "2001.02.??"]
[Round "7"]
[White "De Barberis, Massimo"]
[Black "Racioppo, Paolo"]
[Result "1/2-1/2"]
[WhiteElo "2103"]
[BlackElo "2198"]
[PlyCount "39"]
[EventDate "2001.02.05"]

1. e4 c5 2. Nf3 a6 3. c3 d6 4. d4 Nd7 5. Bd3 e6 6. O-O Ngf6 7. Qe2 b6 8. e5
dxe5 9. dxe5 Ng8 10. Bf4 Bb7 11. Nbd2 Ne7 12. Rad1 Nd5 13. Bg3 Qc7 14. a3 h6
15. Ne4 b5 16. c4 bxc4 17. Bxc4 N7b6 18. Rfe1 Nxc4 19. Qxc4 Qc6 20. Bh4 1/2-1/2

[Event "XVIII C.to Torinese Open"]
[Site "Torino ITA"]
[Date "2001.02.??"]
[Round "7"]
[White "Frassati, Giovanni"]
[Black "Sorcinelli, Francesco"]
[Result "1/2-1/2"]
[WhiteElo "1746"]
[BlackElo "1701"]
[PlyCount "38"]
[EventDate "2001.02.05"]

1. e4 e5 2. Nf3 d6 3. d4 exd4 4. Nxd4 Nf6 5. Nc3 g6 6. Bb5+ Bd7 7. Nd5 Bg7 8.
O-O O-O 9. Nxf6+ Bxf6 10. Bxd7 Qxd7 11. Bh6 Bg7 12. Bxg7 Kxg7 13. c3 Nc6 14.
Rc1 Rac8 15. Nf3 Rfd8 16. Re1 d5 17. Qd3 f5 18. Rcd1 f4 19. Qxd5 Ne7 1/2-1/2

[Event "XVIII C.to Torinese Open"]
[Site "Torino ITA"]
[Date "2001.02.??"]
[Round "7"]
[White "Martin, Tiziano"]
[Black "Gardoncini, Giovanni Battista"]
[Result "1/2-1/2"]
[WhiteElo "1873"]
[BlackElo "1848"]
[PlyCount "65"]
[EventDate "2001.02.05"]

1. d4 g6 2. Nf3 Nf6 3. Bg5 Bg7 4. Nbd2 d6 5. e3 O-O 6. Bc4 c6 7. c3 b5 8. Bd3
a6 9. O-O Nbd7 10. a4 Bb7 11. Qc2 Qc7 12. h3 Rfe8 13. Bf4 e5 14. Bh2 Qb6 15.
axb5 cxb5 16. dxe5 dxe5 17. Be2 Rac8 18. Rfd1 h6 19. Qb3 Nc5 20. Qa2 e4 21. Nd4
Rcd8 22. c4 Ne6 23. Nxe6 Rxe6 24. cxb5 axb5 25. Qa5 Qxa5 26. Rxa5 Ne8 27. Nb3
Rxd1+ 28. Bxd1 Bxb2 29. Rxb5 Nd6 30. Bxd6 Rxd6 31. Rxb7 Rxd1+ 32. Kh2 Be5+ 33.
g3 1/2-1/2

[Event "XVIII C.to Torinese Open"]
[Site "Torino ITA"]
[Date "2001.02.??"]
[Round "7"]
[White "Mordiglia, Riccardo"]
[Black "Terzolo, Massimo"]
[Result "1-0"]
[WhiteElo "2102"]
[BlackElo "1773"]
[PlyCount "32"]
[EventDate "2001.02.05"]

1. b4 e5 2. Bb2 Bxb4 3. Bxe5 Nf6 4. Nc3 Bxc3 5. Bxc3 d5 6. e3 c5 7. Nf3 O-O 8.
Be2 Nc6 9. O-O Re8 10. Rb1 Ne4 11. Ba1 a6 12. a4 Qa5 13. c4 d4 14. Bd3 Bg4 15.
Rxb7 Bxf3 16. Qxf3 Nf6 1-0

[Event "XVIII C.to Torinese Open"]
[Site "Torino ITA"]
[Date "2001.02.??"]
[Round "7"]
[White "Ragni, Paolo"]
[Black "Fassio, Luca"]
[Result "1-0"]
[WhiteElo "2031"]
[BlackElo "2201"]
[PlyCount "55"]
[EventDate "2001.02.05"]

1. d4 g6 2. e4 Bg7 3. Nf3 d6 4. Be2 Nd7 5. O-O Ngf6 6. e5 Nd5 7. c4 N5b6 8. Bf4
O-O 9. Nc3 dxe5 10. dxe5 Nc5 11. b4 Ne6 12. Bg3 c5 13. a3 Bd7 14. b5 a6 15. a4
a5 16. Qd2 Nc7 17. Qe3 Ne6 18. Rfd1 Qc8 19. Rac1 Re8 20. Nd5 Nxd5 21. cxd5 Nd4
22. Nxd4 cxd4 23. Rxd4 Qd8 24. Rdd1 Rc8 25. e6 Rxc1 26. Qxc1 Bc8 27. Bc7 Bh6
28. Qc2 1-0

[Event "XVIII C.to Torinese Open"]
[Site "Torino ITA"]
[Date "2001.02.??"]
[Round "8"]
[White "Digiugno, Franco"]
[Black "Frassati, Giovanni"]
[Result "1-0"]
[WhiteElo "2145"]
[BlackElo "1746"]
[PlyCount "77"]
[EventDate "2001.02.05"]

1. d4 d5 2. Nf3 c6 3. c3 Nf6 4. Bg5 Nbd7 5. Nbd2 Qc7 6. e3 e6 7. Bxf6 Nxf6 8.
Ne5 Bd6 9. f4 Qe7 10. Bd3 a6 11. O-O O-O 12. Rc1 c5 13. Rf3 Bd7 14. Rh3 cxd4
15. Bxh7+ Kh8 16. exd4 g6 17. Bxg6+ Kg7 18. Bb1 Rh8 19. Rg3+ Kf8 20. Qf3 Ke8
21. Rg7 Qf8 22. Rg3 Rc8 23. Re1 b5 24. f5 Kd8 25. fxe6 fxe6 26. Rg6 Bxe5 27.
Rxe5 Ne8 28. Qxf8 Rxf8 29. Nb3 Nd6 30. Nc5 Nc4 31. Re2 b4 32. Bd3 bxc3 33. bxc3
Rb8 34. Rg7 Bc8 35. h4 Rf4 36. h5 Rh4 37. Rf2 Nd6 38. Rf8+ Ne8 39. Bg6 1-0

[Event "XVIII C.to Torinese Open"]
[Site "Torino ITA"]
[Date "2001.02.??"]
[Round "8"]
[White "Fassio, Luca"]
[Black "Berutti, Mario"]
[Result "1-0"]
[WhiteElo "2201"]
[BlackElo "1849"]
[PlyCount "45"]
[EventDate "2001.02.05"]

1. e4 e5 2. Nf3 Nf6 3. Nxe5 d6 4. Nf3 Nxe4 5. d4 d5 6. Bd3 Bd6 7. O-O O-O 8. c4
c6 9. Nc3 f5 10. cxd5 cxd5 11. Qb3 Nxc3 12. bxc3 Kh8 13. Bg5 Qa5 14. Rfe1 Nc6
15. Ne5 Nxe5 16. dxe5 Bc5 17. e6 h6 18. e7 Re8 19. Bb5 hxg5 20. Bxe8 Qc7 21.
Qxd5 Bxe7 22. Rad1 f4 23. Qf7 1-0

[Event "XVIII C.to Torinese Open"]
[Site "Torino ITA"]
[Date "2001.02.??"]
[Round "8"]
[White "Racioppo, Paolo"]
[Black "Mordiglia, Riccardo"]
[Result "1-0"]
[WhiteElo "2198"]
[BlackElo "2102"]
[PlyCount "113"]
[EventDate "2001.02.05"]

1. e4 d5 2. exd5 Nf6 3. Bb5+ Bd7 4. Be2 Nxd5 5. d4 Bf5 6. Nf3 e6 7. a3 Bd6 8.
g3 Nd7 9. c4 N5f6 10. Nc3 a6 11. h3 c5 12. Be3 Qc7 13. g4 Bg6 14. Qd2 O-O-O 15.
O-O-O cxd4 16. Nxd4 Nc5 17. b4 Nce4 18. Nxe4 Nxe4 19. Qe1 Be5 20. f3 Bf4 21.
Nc2 Bg3 22. Qf1 Nc3 23. Rd2 Bf4 24. Qf2 Qe5 25. Bxf4 Qxf4 26. Qe3 Nxe2+ 27.
Rxe2 Qxc4 28. Qc5+ Qxc5 29. bxc5 Bxc2 30. Rxc2 Rd3 31. f4 h5 32. g5 Rxa3 33.
Kb2 Rf3 34. c6 Rxf4 35. Rd1 g6 36. cxb7+ Kxb7 37. Rd7+ Kb6 38. Rcc7 Rf8 39.
Rb7+ Kc5 40. Rbc7+ Kb4 41. Rb7+ Ka4 42. Kc3 Rc8+ 43. Kd2 Rf2+ 44. Ke3 Rh2 45.
Rxf7 Rxh3+ 46. Kf4 Rc5 47. Rb6 a5 48. Rxe6 Rh4+ 49. Ke3 Rxg5 50. Rf1 Rg3+ 51.
Kd2 Rh2+ 52. Kc1 g5 53. Kb1 Rb3+ 54. Kc1 g4 55. Rf4+ Rb4 56. Rf5 g3 57. Ree5
$139 1-0

[Event "XVIII C.to Torinese Open"]
[Site "Torino ITA"]
[Date "2001.02.??"]
[Round "8"]
[White "Sorcinelli, Francesco"]
[Black "Carnino, Luca"]
[Result "1-0"]
[WhiteElo "1701"]
[BlackElo "1717"]
[PlyCount "31"]
[EventDate "2001.02.05"]

1. e4 g6 2. Nc3 Bg7 3. f4 c6 4. Nf3 d5 5. e5 h5 6. d4 Nh6 7. Be3 Bf5 8. Qd2 e6
9. Be2 Nd7 10. g3 Bf8 11. h3 Be7 12. O-O-O a6 13. Rdg1 Rg8 14. Ng5 c5 15. g4
cxd4 16. Bxd4 1-0